| 000 | 00331nam a2200133Ia 4500 | ||
|---|---|---|---|
| 005 | 20251222142011.0 | ||
| 008 | 251222s9999||||xx |||||||||||||| ||spa|| | ||
| 020 | _a950-808-404-9 | ||
| 082 | _a371.334/R74 | ||
| 100 | _aRodrÃguez Illera, José Luis | ||
| 245 | 0 | _aEl Aprendizaje Virtual: | |
| 264 | _bHomo Sapiens | ||
| 942 | _cLIB | ||
| 999 |
_c10340 _d10340 |
||